<?xml version="1.0" encoding="UTF-8"?><?xml-stylesheet type="text/xsl" href="static/style.xsl"?><OAI-PMH xmlns="http://www.openarchives.org/OAI/2.0/" xmlns:xsi="http://www.w3.org/2001/XMLSchema-instance" xsi:schemaLocation="http://www.openarchives.org/OAI/2.0/ http://www.openarchives.org/OAI/2.0/OAI-PMH.xsd"><responseDate>2026-04-17T20:32:39Z</responseDate><request verb="GetRecord" identifier="oai:www.recercat.cat:10230/53148" metadataPrefix="marc">https://recercat.cat/oai/request</request><GetRecord><record><header><identifier>oai:recercat.cat:10230/53148</identifier><datestamp>2025-12-19T20:26:31Z</datestamp><setSpec>com_2072_6</setSpec><setSpec>col_2072_452954</setSpec></header><metadata><record xmlns="http://www.loc.gov/MARC21/slim" xmlns:dcterms="http://purl.org/dc/terms/" xmlns:xsi="http://www.w3.org/2001/XMLSchema-instance" xmlns:doc="http://www.lyncode.com/xoai" xsi:schemaLocation="http://www.loc.gov/MARC21/slim http://www.loc.gov/standards/marcxml/schema/MARC21slim.xsd">
   <leader>00925njm 22002777a 4500</leader>
   <datafield ind2=" " ind1=" " tag="042">
      <subfield code="a">dc</subfield>
   </datafield>
   <datafield ind2=" " ind1=" " tag="720">
      <subfield code="a">Blanco Sanjurjo, Maria</subfield>
      <subfield code="e">author</subfield>
   </datafield>
   <datafield ind2=" " ind1=" " tag="260">
      <subfield code="c">2022-05-18T16:20:35Z</subfield>
   </datafield>
   <datafield ind2=" " ind1=" " tag="260">
      <subfield code="c">2022-05-18T16:20:35Z</subfield>
   </datafield>
   <datafield ind2=" " ind1=" " tag="260">
      <subfield code="c">2021</subfield>
   </datafield>
   <datafield ind2=" " ind1=" " tag="520">
      <subfield code="a">Treball de Fi de Grau en Criminologia i Polítiques Públiques de Prevenció. Curs 2020-2021</subfield>
   </datafield>
   <datafield ind2=" " ind1=" " tag="520">
      <subfield code="a">Tutora: Elena Larrauri Pijoan</subfield>
   </datafield>
   <datafield ind2=" " ind1=" " tag="520">
      <subfield code="a">La violència de gènere és un fenomen que està present i impacta a totes les societats. Així i tot hi ha sectors i col·lectius de la població que són més vulnerables. L’objectiu d’aquest treball és veure i estudiar, a través d’una revisió bibliogràfica i una anàlisi de la Macroenquesta de la Violència Contra la Dona de 2019 com afecta la variable país de naixement a la predisposició a la victimització per violència de gènere. La literatura exposada reflexa quins són els factors legals i psicosocials que poden afectar a aquests col·lectius i també s’exposen les diferents teories criminològiques que podrien explicar una major prevalença de la victimització d’aquests sectors de la població. D’aquesta revisió i anàlisis, s’ha extret que realment sí que hi ha factors diferencials que fan que les dones no nascudes a Espanya acabin rebent major violència de gènere en proporció, encara que no s’han trobat resultats significatius on es mostri que aquestes dones denuncien més.</subfield>
   </datafield>
   <datafield ind2=" " ind1=" " tag="520">
      <subfield code="a">Gender-based violence is a phenomenon that impacts all societies. Nonetheless, there are sectors and groups of the population that are more vulnerable. The aim of this project is to see and study, trough a bibliographic review and an analysis of the Macro survey of Violence Against Women in 2019 how the country of birth variable affects the proportion of violence received compared to women born in Spain.The exposed literature reflects the legal and psychosocial factors that can affect these groups and also exposes the different criminological theories that could explain a greater prevalence of victimization of the vulnerable groups. From this review and analysis, it has been extracted that there are different factors that make immigrant women end up receiving a higher proportion of gender violence, although no significant results have been found showing these women report more.</subfield>
   </datafield>
   <datafield tag="653" ind2=" " ind1=" ">
      <subfield code="a">Treball de fi de grau – Curs 2020-2021</subfield>
   </datafield>
   <datafield tag="653" ind2=" " ind1=" ">
      <subfield code="a">Immigrants</subfield>
   </datafield>
   <datafield tag="653" ind2=" " ind1=" ">
      <subfield code="a">Violència envers les dones</subfield>
   </datafield>
   <datafield tag="653" ind2=" " ind1=" ">
      <subfield code="a">Vulnerabilitat (Tret de la personalitat)</subfield>
   </datafield>
   <datafield tag="653" ind2=" " ind1=" ">
      <subfield code="a">Immigrants</subfield>
   </datafield>
   <datafield tag="653" ind2=" " ind1=" ">
      <subfield code="a">Women--Abuse of; Wife abuse</subfield>
   </datafield>
   <datafield tag="653" ind2=" " ind1=" ">
      <subfield code="a">Gender violence</subfield>
   </datafield>
   <datafield tag="653" ind2=" " ind1=" ">
      <subfield code="a">Vulnerability (Personality trait)</subfield>
   </datafield>
   <datafield ind2="0" ind1="0" tag="245">
      <subfield code="a">La influència de la variable país de naixement en la violència de gènere</subfield>
   </datafield>
</record></metadata></record></GetRecord></OAI-PMH>